000 00670nam a2200241 a 4500
001 73030
003 BD-RjUL
005 20211209082336.0
008 170527s2003 ii a c| |||| 000 0 eng d
020 _a8126114061
035 _a(BD-RjUL)73248
040 _aBD-RjUL
_beng
_cBD-RjUL
041 _aeng
082 0 4 _223
_a591.5
_bSIT 2003
100 1 _aSingh, Harjindra.
_944752
245 1 2 _aA Textbook of Animal Behaviour /
_cHarjindra, Singh
250 _a3rd rev & enl. ed.
260 _aNew Delhi :
_bAnmol Publication Ptv.,
_c2003.
300 _a537 p. :
_bill. ;
_c23 cm.
650 0 _aAnimal Behaviour.
_944753
700 1 _aArora, C.K
_944754
942 _2ddc
_cBK
999 _c73030
_d73030